Química en contexto II : (Registro nro. 10045)

Detalles MARC
000 -LIDER
fixed length control field 00724nam a2200229 a 4500
001 - NÚMERO DE CONTROL
Identificador de número de control 00003254
003 - IDENTIFICACDOR DE NÚMERO DE CONTROL
control field DO-SdBNP
005 - DATE AND TIME OF LATEST TRANSACTION
control field 20180313133146.0
007 - CAMPOS FIJOS DE DESCRIPCIÓN FÍSICA
fixed length control field 00003254
008 - ELEMENTOS DE LONGITUD FIJA
fixed length control field 150119s2014 000 spa d
020 ## - ISBN
International Standard Book Number 9781578377978
040 ## - FUENTE DE CATALOGACIÓN
Agencia que crea de manera original el registro BPMSU
Idioma de catalogación spa
Agencia que realiza la transcripción BPMSU
245 #0 - MENCIÓN DE TITULO
Título Química en contexto II :
Subtítulo manual de referencia /
260 ## - PUBLICACIÓN, DISTRIBUCIÓN, ETC. (PIE DE IMPRENTA)
Lugar de publicación, distribución, etc [Santo Domigo ]:
Nombre del editor, distribuidor, etc. CORD,
Fecha de publicación, distribución, etc 2014
300 ## - DESCRIPCIÓN FÍSICA
Extensión 95 p. ;
Otros detalles físicos il. :
Dimensiones 30 cm.
500 ## - NOTA GENERAL
Nota general Desarrollado por CORD ad Dominicana aptado para el "Proyecto Educación Media Técnica" República
710 ## - ASIENTO SECUNDARIO -- NOMBRE CORPORATIVO
Término de relación CORD Comunications
710 ## - ASIENTO SECUNDARIO -- NOMBRE CORPORATIVO
Término de relación Fundación Inicia
942 ## - ADDED ENTRY ELEMENTS (KOHA)
Source of classification or shelving scheme Dewey Decimal Classification
Koha item type Libros
945 ## - INFORMACIÓN DE PROCESAMIENTO LOCAL
Información de procesamiento local Remanejaso para la BNPHU VM
956 ## - LOCAL ELECTRONIC LOCATION AND ACCESS (OCLC)
Nombre de host VMATEO
Número de acceso 10
Información de compresión 20150327
Inicio de sesión BPMSU
Procesador de solicitud 00151
Existencias
Withdrawn status Lost status Source of classification or shelving scheme Damaged status Not for loan Collection code Home library Current library Date acquired Source of acquisition Total Checkouts Barcode Date last seen Price effective from Koha item type
    Dewey Decimal Classification     Colección Escolar Biblioteca Pública Metropolitana Salomé Ureña Biblioteca Pública Metropolitana Salomé Ureña 05/09/2016 FUNDI   BPMET16050178 05/09/2016 05/09/2016 Libros